[Event "Reunion op 16th"]
[Site "St Denis"]
[Date "2014.10.24"]
[Round "8"]
[White "Duprey, Francois Xavier"]
[Black "Moret, Vincent"]
[Result "0-1"]
[WhiteElo "1764"]
[BlackElo "2175"]
[PlyCount "72"]
[EventDate "2014.10.18"]
[EventType "swiss"]
[EventRounds "9"]
[EventCountry "RUF"]
[SourceTitle "EXT 2015"]
[Source "ChessBase"]
[SourceDate "2014.11.20"]
[SourceVersion "1"]
[SourceVersionDate "2014.11.20"]
[SourceQuality "1"]

1. c4 g6 2. Nf3 Bg7 3. g3 c5 4. Bg2 Nc6 5. 0-0 e5 6. e4 Nge7 7. Ne1 0-0 8. d3 d6 9. Nc3 f5 10. f4 Rb8 11. Rb1 a6 12. Bd2 b5 13. b3 exf4 14. Rxf4 b4 15. Ne2 Ne5 16. Be3 Bh6 17. d4 Ng4 18. Bc1 Bxf4 19. Bxf4 Qb6 20. d5 fxe4 21. Bxe4 Bf5 22. Bxf5 Nxf5 23. Nf3 Rbe8 24. Bc1 Nfe3 25. Bxe3 Nxe3 26. Qd2 Rxf3 27. Nf4 Rxf4 28. gxf4 Nf5 29. Re1 Qd8 30. Re6 Nd4 31. Re3 Rxe3 32. Qxe3 Kf7 33. Qh3 h5 34. Qd3 Qh4 35. Qe3 Qe7 36. Qf2 Qe4 0-1

[Event "Reunion op 16th"]
[Site "St Denis"]
[Date "2014.10.23"]
[Round "7"]
[White "Moret, Vincent"]
[Black "Jourde, Michel"]
[Result "1/2-1/2"]
[WhiteElo "2175"]
[BlackElo "1805"]
[PlyCount "122"]
[EventDate "2014.10.18"]
[EventType "swiss"]
[EventRounds "9"]
[EventCountry "RUF"]
[SourceTitle "EXT 2015"]
[Source "ChessBase"]
[SourceDate "2014.11.20"]
[SourceVersion "1"]
[SourceVersionDate "2014.11.20"]
[SourceQuality "1"]

1. Nf3 Nf6 2. c4 g6 3. Nc3 Bg7 4. e4 d6 5. d4 0-0 6. Be2 e5 7. 0-0 Nc6 8. d5 Ne7 9. Ne1 Ne8 10. Be3 f5 11. f3 f4 12. Bf2 g5 13. a4 h5 14. a5 Ng6 15. c5 Rf7 16. c6 Nf6 17. cxb7 Bxb7 18. a6 Bc8 19. Bb5 Bd7 20. Bxd7 Qxd7 21. Qa4 Qd8 22. Nb5 g4 23. Kh1 g3 24. Bg1 gxh2 25. Bf2 h4 26. Nd3 Nh5 27. Kxh2 Bf8 28. Bxa7 Ng3 29. Rfe1 h3 30. gxh3 Rh7 31. Nf2 Nh4 32. Ra3 Qd7 33. Qc4 Ng6 34. Rg1 Kf7 35. Qxc7 Qxc7 36. Nxc7 Rxa7 37. Nb5 Ra8 38. a7 Kg8 39. Rc1 Rb7 40. Nc7 Raxa7 41. Rxa7 Rxa7 42. Ne6 Be7 43. Ng4 Nh4 44. Rc8+ Kh7 45. Re8 Rb7 46. b4 Ra7 47. Kg1 Nxf3+ 48. Kf2 Nd4 49. Nxd4 exd4 50. e5 dxe5 51. Nxe5 Bxb4 52. Kf3 Nh5 53. Rd8 Ra3+ 54. Kg4 f3 55. Nxf3 d3 56. Kxh5 d2 57. Nxd2 Bxd2 58. Rd7+ Kg8 59. h4 Ra4 60. Kg6 Rg4+ 61. Kf5 Rxh4 1/2-1/2

[Event "Antananarivo CACDEC"]
[Site "Antananarivo"]
[Date "2010.08.31"]
[Round "?"]
[White "Moret, Vincent"]
[Black "Meintjes, Jacques C"]
[Result "1-0"]
[WhiteElo "2163"]
[BlackElo "2090"]
[PlyCount "93"]
[EventDate "2010.08.27"]
[EventType "tourn"]
[EventRounds "9"]
[EventCountry "MAD"]
[SourceTitle "EXT 2013"]
[Source "ChessBase"]
[SourceDate "2012.11.22"]
[SourceVersion "1"]
[SourceVersionDate "2012.11.22"]
[SourceQuality "1"]

1. Nf3 d6 2. d4 g6 3. c4 Bg7 4. Nc3 Nd7 5. e4 e5 6. Be2 Ne7 7. 0-0 0-0 8. Be3 f5 9. exf5 gxf5 10. dxe5 Nxe5 11. Nxe5 dxe5 12. Qxd8 Rxd8 13. Bg5 Rd7 14. Rfd1 Ng6 15. Rxd7 Bxd7 16. Rd1 Bc6 17. Nd5 Bxd5 18. Rxd5 h6 19. Bd2 Re8 20. Bh5 Kh7 21. Rd7 Re6 22. Rxc7 Rb6 23. Bc3 Nf4 24. Bf3 Kg6 25. g3 Nh3+ 26. Kg2 Ng5 27. Bd5 Bf6 28. Rxb7 Rxb7 29. Bxb7 Ne6 30. b4 e4 31. Bxf6 Kxf6 32. g4 Nf4+ 33. Kg3 Nd3 34. b5 f4+ 35. Kg2 Nc5 36. Bd5 Kg5 37. h3 h5 38. gxh5 Kxh5 39. a4 e3 40. fxe3 fxe3 41. a5 Kh4 42. Kf3 e2 43. Kxe2 Kxh3 44. Ke3 Kg4 45. Kd4 Nb3+ 46. Ke5 Nxa5 47. c5 1-0

[Event "FRA-chT Gp-B"]
[Site "France"]
[Date "2004.01.30"]
[Round "1"]
[White "Lacrosse, Marc"]
[Black "Moret, Vincent"]
[Result "1-0"]
[WhiteElo "2235"]
[BlackElo "2179"]
[PlyCount "107"]
[EventDate "2004.01.30"]
[EventType "team-tourn"]
[EventRounds "7"]
[EventCountry "FRA"]
[SourceTitle "CBM 098 Extra"]
[Source "ChessBase"]
[SourceDate "2004.03.10"]
[SourceVersion "2"]
[SourceVersionDate "2004.03.10"]
[SourceQuality "1"]
[WhiteTeam "Lille"]
[BlackTeam "Vandoeuvre"]
[WhiteTeamCountry "FRA"]
[BlackTeamCountry "FRA"]

1. d4 Nf6 2. c4 c5 3. d5 b5 4. cxb5 a6 5. bxa6 Bxa6 6. Nc3 g6 7. Nf3 d6 8. e4 Bxf1 9. Kxf1 Bg7 10. g3 Nbd7 11. Kg2 0-0 12. Re1 Qa5 13. e5 Ng4 14. exd6 exd6 15. Bf4 Rfb8 16. Qc2 Qa6 17. h3 Nge5 18. Nxe5 Nxe5 19. Bxe5 Bxe5 20. Red1 Qc4 21. Rd2 Rb4 22. Re1 Rab8 23. Re4 Qa6 24. Rxb4 cxb4 25. Na4 Rc8 26. Qd1 Rc7 27. b3 h5 28. Qe2 Qb7 29. Qe3 Kg7 30. Qb6 Qxb6 31. Nxb6 Ra7 32. Kf3 Bc3 33. Re2 Ra5 34. Na4 Rxd5 35. Nxc3 bxc3 36. Rc2 Rc5 37. Ke4 h4 38. gxh4 Rh5 39. Rxc3 Rxh4+ 40. Kd5 Rf4 41. Kxd6 Rxf2 42. a4 f5 43. b4 Ra2 44. a5 Kf6 45. Kc5 Ke5 46. Rg3 Kf6 47. Kb6 f4 48. Rb3 Re2 49. a6 Re3 50. Rb1 Rxh3 51. a7 Rh8 52. Kb7 Rh7+ 53. Ka6 Rh8 54. b5 1-0

[Event "FRA-chT Poule Basse"]
[Site "France"]
[Date "2003.05.08"]
[Round "9.8"]
[White "Giffard, Nicolas"]
[Black "Moret, Vincent"]
[Result "1-0"]
[WhiteElo "2317"]
[BlackElo "2178"]
[PlyCount "83"]
[EventDate "2003.05.07"]
[EventType "team-tourn"]
[EventRounds "4"]
[EventCountry "FRA"]
[SourceTitle "CBM 095"]
[Source "ChessBase"]
[SourceDate "2003.07.25"]
[SourceVersion "1"]
[SourceVersionDate "2003.07.25"]
[SourceQuality "1"]
[WhiteTeam "Drancy"]
[BlackTeam "Vandoeuvre"]
[WhiteTeamCountry "FRA"]
[BlackTeamCountry "FRA"]

1. b3 d5 2. Bb2 e6 3. f4 c5 4. e3 Nc6 5. Bb5 Bd7 6. Nf3 Nf6 7. 0-0 Bd6 8. Bxc6 Bxc6 9. Ne5 Qc7 10. d3 0-0 11. Rf3 Nd7 12. Rh3 Nxe5 13. fxe5 Bxe5 14. Qh5 f6 15. Qxh7+ Kf7 16. Qh5+ Ke7 17. Bxe5 Qxe5 18. Qxe5 fxe5 19. Nd2 Kd6 20. Rf1 Rxf1+ 21. Kxf1 Rf8+ 22. Ke2 Rf6 23. Rg3 g6 24. Rg5 Be8 25. Nf3 Rf5 26. Rg3 b5 27. e4 Rf4 28. Nd2 Ke7 29. Re3 Kd6 30. Rh3 Bc6 31. Ke3 c4 32. bxc4 bxc4 33. dxc4 d4+ 34. Kd3 Rf2 35. Rg3 Rf6 36. Rg5 a5 37. a3 Bb7 38. c5+ Kxc5 39. Rxe5+ Kd6 40. Nc4+ Ke7 41. Rxa5 Rf2 42. Ra7 1-0

[Event "FRA-ch op-A"]
[Site "Val d'Isere"]
[Date "2002.08.??"]
[Round "5.4"]
[White "Ouakhir, Pierre Mehdi"]
[Black "Moret, Vincent"]
[Result "0-1"]
[WhiteElo "2110"]
[BlackElo "2184"]
[PlyCount "56"]
[EventDate "2002.08.20"]
[EventType "swiss"]
[EventRounds "11"]
[EventCountry "FRA"]
[SourceTitle "EXT 2003"]
[Source "ChessBase"]
[SourceDate "2002.11.25"]
[SourceVersion "1"]
[SourceVersionDate "2002.11.25"]
[SourceQuality "1"]

1. d4 Nf6 2. c4 c5 3. d5 b5 4. Nd2 bxc4 5. e4 c3 6. bxc3 g6 7. Nc4 d6 8. Bd3 Bg7 9. Ne2 0-0 10. 0-0 Nbd7 11. Qc2 Nb6 12. Bb2 Ba6 13. Nxb6 Bxd3 14. Qxd3 Qxb6 15. Rab1 Ng4 16. Qc2 Rab8 17. Ba1 Qa6 18. h3 Ne5 19. Rxb8 Rxb8 20. f4 Nc4 21. Kf2 Na3 22. Qd2 Rb6 23. Nc1 Nb1 24. Qc2 Qc4 25. Ne2 Na3 26. Qc1 Qxa2 27. Qe3 Rb1 28. Rxb1 Nxb1 0-1

[Event "FRA-chT1"]
[Site "France"]
[Date "2002.??.??"]
[Round "8.7"]
[White "Moret, Vincent"]
[Black "Guadalpi, David"]
[Result "1/2-1/2"]
[WhiteElo "2184"]
[BlackElo "2315"]
[PlyCount "50"]
[EventDate "2002.02.??"]
[EventType "team-tourn"]
[EventRounds "11"]
[EventCountry "FRA"]
[SourceTitle "EXT 2003"]
[Source "ChessBase"]
[SourceDate "2002.11.25"]
[SourceVersion "1"]
[SourceVersionDate "2002.11.25"]
[SourceQuality "1"]
[WhiteTeam "Vandoeuvre"]
[BlackTeam "Orange"]
[WhiteTeamCountry "FRA"]
[BlackTeamCountry "FRA"]

1. Nf3 Nf6 2. c4 e6 3. g3 d5 4. b3 Be7 5. Bg2 Nbd7 6. Bb2 c6 7. 0-0 0-0 8. d3 a5 9. a3 b5 10. Nbd2 Qb6 11. Qc2 Ba6 12. Bc3 Rfd8 13. cxd5 cxd5 14. b4 Rdc8 15. Qb2 axb4 16. axb4 Bb7 17. Nb3 Rxa1 18. Rxa1 Qc7 19. Rc1 Qb8 20. h4 h6 21. Bh3 Nb6 22. Be5 Rxc1+ 23. Qxc1 Qc8 24. Qxc8+ Bxc8 25. Bc3 Na4 1/2-1/2

[Event "FRA-chT1"]
[Site "France"]
[Date "2002.??.??"]
[Round "10.7"]
[White "Moret, Vincent"]
[Black "Marquet, Mathieu"]
[Result "1-0"]
[WhiteElo "2184"]
[BlackElo "1950"]
[PlyCount "79"]
[EventDate "2002.02.??"]
[EventType "team-tourn"]
[EventRounds "11"]
[EventCountry "FRA"]
[SourceTitle "EXT 2003"]
[Source "ChessBase"]
[SourceDate "2002.11.25"]
[SourceVersion "1"]
[SourceVersionDate "2002.11.25"]
[SourceQuality "1"]
[WhiteTeam "Vandoeuvre"]
[BlackTeam "Noyon"]
[WhiteTeamCountry "FRA"]
[BlackTeamCountry "FRA"]

1. Nf3 Nf6 2. c4 g6 3. Nc3 Bg7 4. d4 0-0 5. e4 c5 6. d5 d6 7. h3 Na6 8. Bd3 Bd7 9. 0-0 Nc7 10. Bf4 a6 11. a4 Nh5 12. Bh2 e5 13. dxe6 fxe6 14. Bxd6 Bxa4 15. Bxc7 Bxd1 16. Bxd8 Bxf3 17. Bg5 Rad8 18. Bxd8 Rxd8 19. gxf3 Rxd3 20. Rad1 Rxd1 21. Rxd1 Bd4 22. Ne2 e5 23. Rd3 b5 24. cxb5 axb5 25. Rd2 g5 26. b4 Nf4 27. Nxf4 gxf4 28. bxc5 Bxc5 29. Rd5 Bd4 30. Rxb5 Kg7 31. Rd5 Kg6 32. Rxd4 exd4 33. Kf1 Kg5 34. Ke2 h5 35. Kd3 Kh4 36. e5 Kxh3 37. e6 Kg2 38. e7 Kxf3 39. e8Q Kxf2 40. Qxh5 1-0

[Event "FRA-ch op-A"]
[Site "Vichy"]
[Date "2000.08.24"]
[Round "7"]
[White "Tripoteau, Nicolas"]
[Black "Moret, Vincent"]
[Result "1-0"]
[WhiteElo "2091"]
[BlackElo "2192"]
[PlyCount "57"]
[EventDate "2000.08.16"]
[EventType "swiss"]
[EventRounds "11"]
[EventCountry "FRA"]
[SourceTitle "EXT 2001"]
[Source "ChessBase"]
[SourceDate "2000.11.22"]
[SourceVersion "1"]
[SourceVersionDate "2000.11.22"]
[SourceQuality "1"]

1. d4 Nf6 2. f3 d5 3. e4 dxe4 4. Nc3 exf3 5. Nxf3 e6 6. Bg5 Be7 7. Bd3 c5 8. dxc5 Qa5 9. 0-0 Qxc5+ 10. Kh1 Nbd7 11. Qe2 a6 12. Rae1 Qb6 13. Bc1 Nc5 14. Bc4 Bd7 15. Ne5 0-0 16. Rf3 Bc6 17. Rh3 Nce4 18. Nxe4 Bxe4 19. Bg5 Bf5 20. Rf3 Rad8 21. Nxf7 Rxf7 22. Rxf5 exf5 23. Qxe7 Rdf8 24. Rd1 h6 25. Be3 Qa5 26. b4 Nd5 27. Bxd5 Qxd5 28. Qxf8+ Rxf8 29. Rxd5 1-0

[Event "Luxembourg-chT 9900"]
[Site "Luxembourg"]
[Date "2000.03.19"]
[Round "9"]
[White "Gaspar, Lucien"]
[Black "Moret, Vincent"]
[Result "0-1"]
[WhiteElo "2164"]
[BlackElo "2173"]
[PlyCount "66"]
[EventDate "1999.10.24"]
[EventType "team-tourn"]
[EventRounds "10"]
[EventCountry "LUX"]
[SourceTitle "EXT 2005"]
[Source "ChessBase"]
[SourceDate "2004.11.15"]
[SourceVersion "1"]
[SourceVersionDate "2004.11.15"]
[SourceQuality "1"]

1. d4 Nf6 2. c4 c5 3. Nf3 g6 4. Nc3 cxd4 5. Nxd4 Bg7 6. e4 d6 7. Be2 0-0 8. Be3 Nc6 9. 0-0 Bd7 10. Rb1 Nxd4 11. Bxd4 Bc6 12. f3 a5 13. Qd2 Nd7 14. Rfd1 Bxd4+ 15. Qxd4 Qb6 16. Qxb6 Nxb6 17. b3 Rfc8 18. Rd2 Kf8 19. Kf2 Be8 20. f4 Ra7 21. g4 a4 22. g5 axb3 23. axb3 Bc6 24. h4 Rca8 25. h5 gxh5 26. Bxh5 Ra1 27. Rdd1 Rxb1 28. Rxb1 Ra3 29. Be2 Nd7 30. Bd3 Kg7 31. Bc2 Nc5 32. Nd5 Bxd5 33. exd5 Ra2 0-1

[Event "Luxembourg-chT 9900"]
[Site "Luxembourg"]
[Date "1999.11.07"]
[Round "2"]
[White "Brittner, Serge"]
[Black "Moret, Vincent"]
[Result "1-0"]
[WhiteElo "2171"]
[BlackElo "2173"]
[PlyCount "59"]
[EventDate "1999.10.24"]
[EventType "team-tourn"]
[EventRounds "10"]
[EventCountry "LUX"]
[SourceTitle "EXT 2005"]
[Source "ChessBase"]
[SourceDate "2004.11.15"]
[SourceVersion "1"]
[SourceVersionDate "2004.11.15"]
[SourceQuality "1"]

1. d4 Nf6 2. c4 c5 3. d5 b5 4. cxb5 a6 5. bxa6 g6 6. Nc3 Bxa6 7. g3 d6 8. Bg2 Bg7 9. Nh3 Nbd7 10. 0-0 0-0 11. Qc2 Qa5 12. Bd2 Rfb8 13. Nf4 Ne5 14. Ne4 Qb6 15. Nxf6+ exf6 16. b3 f5 17. Bc3 Bc8 18. Rfb1 Ra3 19. Bb2 Ra5 20. Nd3 Nxd3 21. Bxg7 Kxg7 22. Qxd3 Ra3 23. Qd2 Rba8 24. h4 Qd8 25. Rb2 Qf6 26. Rd1 f4 27. gxf4 Qxh4 28. e4 Bh3 29. Qc3+ f6 30. Qxh3 1-0

[Event "Besancon sim"]
[Site "Besancon"]
[Date "1999.??.??"]
[Round "?"]
[White "Karpov, Anatoly"]
[Black "Moret, Vincent"]
[Result "1/2-1/2"]
[WhiteElo "2710"]
[BlackElo "2190"]
[PlyCount "98"]
[EventDate "1999.??.??"]
[EventType "simul"]
[EventRounds "1"]
[EventCountry "FRA"]
[SourceTitle "EXT 2001"]
[Source "ChessBase"]
[SourceDate "2000.11.22"]
[SourceVersion "1"]
[SourceVersionDate "2000.11.22"]
[SourceQuality "1"]

1. d4 Nf6 2. c4 c5 3. d5 b5 4. cxb5 a6 5. b6 d6 6. Nc3 Nbd7 7. e4 g6 8. a4 Qxb6 9. a5 Qb4 10. Ra4 Qb7 11. f4 Bg7 12. Bc4 0-0 13. Nf3 Ne8 14. 0-0 Nc7 15. Qd3 Nf6 16. Ra2 Bd7 17. Bd2 Bb5 18. b3 Rad8 19. Qe2 Rfe8 20. Nxb5 Nxb5 21. Re1 Nc7 22. Kh1 Rf8 23. Ng5 Nd7 24. Qd3 h6 25. Nf3 Nf6 26. Bc3 Kh7 27. Qc2 Nh5 28. Bxg7 Nxg7 29. Qc3 Nh5 30. g3 Ng7 31. Raa1 f6 32. Kg2 Nb5 33. Qd3 Nc7 34. Re2 Qb4 35. Raa2 Qb7 36. Nh4 Rd7 37. Kg1 Nb5 38. e5 f5 39. Nf3 Nc7 40. e6 Rdd8 41. h3 Rf6 42. Kh2 Nh5 43. Nh4 Nb5 44. Nf3 Nc7 45. Reb2 Rdf8 46. b4 Rb8 47. Qd2 cxb4 48. Ra4 Rff8 49. Raxb4 Qa8 1/2-1/2

[Event "Pardubice Czech op"]
[Site "Pardubice"]
[Date "1998.??.??"]
[Round "1"]
[White "Kucera, Petr"]
[Black "Moret, Vincent"]
[Result "1-0"]
[WhiteElo "2380"]
[BlackElo "2215"]
[PlyCount "137"]
[EventDate "1998.07.??"]
[EventType "swiss"]
[EventRounds "9"]
[EventCountry "CZE"]
[SourceTitle "EXT 2000"]
[Source "ChessBase"]
[SourceDate "1999.11.16"]
[SourceVersion "1"]
[SourceVersionDate "1999.11.16"]
[SourceQuality "1"]

1. e4 c5 2. Nf3 d6 3. d4 cxd4 4. Nxd4 Nf6 5. Nc3 g6 6. g3 Nc6 7. Nxc6 bxc6 8. Bg2 Bg7 9. e5 dxe5 10. Qxd8+ Kxd8 11. Bxc6 Rb8 12. Bg2 Kc7 13. f4 e6 14. 0-0 e4 15. Rb1 Ng4 16. Nxe4 Bd4+ 17. Kh1 Bb7 18. Re1 f5 19. h3 Bxe4 20. hxg4 Bxc2 21. Ra1 h5 22. gxf5 Bxf5 23. Be3 Bxb2 24. Bxa7 Bxa1 25. Bxb8+ Kxb8 26. Rxa1 h4 27. Kh2 hxg3+ 28. Kxg3 Rg8 29. Kh4 Rh8+ 30. Kg5 Rh5+ 31. Kf6 Rh4 32. Rf1 Rh2 33. Rg1 Kc7 34. Ke5 Kb6 35. a4 Ka5 36. Bc6 Re2+ 37. Kf6 Rf2 38. Kg5 Kb6 39. Be8 Ka5 40. Re1 Rg2+ 41. Kf6 Rf2 42. Ke5 Rc2 43. Bd7 Rc4 44. Re2 Rb4 45. Rf2 Rc4 46. Kf6 Re4 47. Be8 Kb6 48. Rb2+ Ka6 49. Rf2 Kb6 50. Bb5 Rd4 51. Kg5 Re4 52. Re2 Rd4 53. Be8 Rd1 54. Rb2+ Ka5 55. Rb5+ Ka6 56. Rb4 Ka5 57. Rc4 Rd8 58. Bc6 Kb6 59. Be4 Rf8 60. Bxf5 gxf5 61. Rc1 Ra8 62. Re1 Kc6 63. Rxe6+ Kd7 64. Re5 Rxa4 65. Kxf5 Ra8 66. Kg6 Kd6 67. Re1 Rg8+ 68. Kf7 Ra8 69. Rd1+ 1-0

[Event "Pardubice Czech op"]
[Site "Pardubice"]
[Date "1998.??.??"]
[Round "5"]
[White "Moret, Vincent"]
[Black "Jandovsky, Viktor"]
[Result "0-1"]
[WhiteElo "2215"]
[BlackElo "2205"]
[PlyCount "78"]
[EventDate "1998.07.??"]
[EventType "swiss"]
[EventRounds "9"]
[EventCountry "CZE"]
[SourceTitle "EXT 2000"]
[Source "ChessBase"]
[SourceDate "1999.11.16"]
[SourceVersion "1"]
[SourceVersionDate "1999.11.16"]
[SourceQuality "1"]

1. d4 Nf6 2. Nf3 d6 3. c4 g6 4. Nc3 Bg7 5. e4 0-0 6. Be2 e5 7. 0-0 Nc6 8. d5 Ne7 9. Nd2 a5 10. a3 Nd7 11. Rb1 f5 12. b4 Kh8 13. Qc2 Ng8 14. f3 Ngf6 15. Bd3 f4 16. Nb5 b6 17. Be2 h5 18. c5 bxc5 19. bxc5 Nxc5 20. a4 g5 21. Ba3 Na6 22. Rfc1 Ne8 23. Nb3 Rg8 24. Nxa5 g4 25. Bf1 Bh6 26. Kh1 Qg5 27. Qf2 Nf6 28. Nc6 Rg7 29. Nba7 g3 30. Qd2 Qh4 31. h3 Bg4 32. Kg1 Rag8 33. fxg4 hxg4 34. Qe2 gxh3 35. Qf3 Nh7 36. gxh3 g2 37. Be2 Ng5 38. Qh5 Nxh3+ 39. Kh2 Qg3# 0-1

[Event "Groningen op"]
[Site "Groningen"]
[Date "1997.??.??"]
[Round "9"]
[White "Rajlich, Vasik G"]
[Black "Moret, Vincent"]
[Result "0-1"]
[WhiteElo "2245"]
[BlackElo "2190"]
[PlyCount "50"]
[EventDate "1997.12.20"]
[EventType "swiss"]
[EventRounds "11"]
[EventCountry "NED"]
[SourceTitle "CBM 062 Extra"]
[Source "ChessBase"]
[SourceDate "1998.03.09"]
[SourceVersion "1"]
[SourceVersionDate "1998.03.09"]
[SourceQuality "1"]

1. e4 c5 2. Nf3 d6 3. d4 cxd4 4. Nxd4 Nf6 5. Nc3 g6 6. Be3 Bg7 7. f3 0-0 8. Qd2 Nc6 9. g4 Nxd4 10. Bxd4 Be6 11. h4 Qa5 12. h5 Rfc8 13. a3 Rab8 14. hxg6 hxg6 15. Rh4 Bc4 16. g5 Nh5 17. Bh3 Bxd4 18. Qxd4 Qxg5 19. Qf2 Nf4 20. Rxf4 Qxf4 21. Bxc8 Rxc8 22. Qxa7 Qxf3 23. Qxb7 Qe3+ 24. Kd1 Qc5 25. Qxe7 Qh5+ 0-1

[Event "FRA-chT"]
[Site "France"]
[Date "1994.??.??"]
[Round "8"]
[White "Moret, Vincent"]
[Black "Deschler, Fabrice"]
[Result "1-0"]
[WhiteElo "2120"]
[BlackElo "2010"]
[PlyCount "103"]
[EventDate "1994.??.??"]
[EventType "team-tourn"]
[EventRounds "11"]
[EventCountry "FRA"]
[SourceTitle "EXT 1999"]
[Source "ChessBase"]
[SourceDate "1998.11.16"]
[SourceVersion "1"]
[SourceVersionDate "1998.11.16"]
[SourceQuality "1"]

1. Nf3 Nf6 2. c4 g6 3. Nc3 Bg7 4. e4 d6 5. d4 0-0 6. Be2 e5 7. 0-0 Nc6 8. d5 Ne7 9. Nd2 a5 10. Rb1 Nd7 11. a3 f5 12. b4 axb4 13. axb4 Kh8 14. Qc2 Ng8 15. f3 f4 16. Nb5 Ndf6 17. c5 Ne8 18. Bb2 h5 19. Ra1 Rb8 20. Rfc1 Rf7 21. Nc4 g5 22. Na7 Bd7 23. b5 g4 24. b6 cxb6 25. cxd6 Qg5 26. Nxb6 h4 27. Nxd7 Rxd7 28. fxg4 Nxd6 29. h3 Nf6 30. Bf3 Re8 31. Qd3 Qg6 32. Ra4 Ree7 33. Ba3 Nfe8 34. Nb5 Rf7 35. Ra8 Kh7 36. Bc5 Nxb5 37. Rxe8 Nd4 38. Bxd4 Rxd5 39. Qb3 Rxd4 40. Re6 Rf6 41. Rxe5 Rb6 42. Rh5+ Qxh5 43. Qxb6 Qf7 44. Kh2 Rd7 45. Qb5 Bd4 46. e5 Bf2 47. e6 Qxe6 48. Be4+ Kg7 49. Bf5 Rd5 50. Qb2+ Bd4 51. Bxe6 Bxb2 52. Rc7+ 1-0

[Event "FRA-chT2 9495"]
[Site "France"]
[Date "1994.??.??"]
[Round "?"]
[White "Moret, Vincent"]
[Black "Guyard, Bertrand"]
[Result "0-1"]
[WhiteElo "2240"]
[BlackElo "2205"]
[PlyCount "118"]
[EventDate "1994.??.??"]
[EventType "team-tourn"]
[EventRounds "11"]
[EventCountry "FRA"]
[SourceTitle "EXT 2008"]
[Source "ChessBase"]
[SourceDate "2007.11.25"]
[SourceVersion "1"]
[SourceVersionDate "2007.11.25"]
[SourceQuality "1"]

1. Nf3 Nf6 2. c4 g6 3. Nc3 Bg7 4. e4 d6 5. d4 0-0 6. Be2 e5 7. 0-0 Nc6 8. d5 Ne7 9. Nd2 a5 10. Rb1 Nd7 11. a3 f5 12. b4 Kh8 13. f3 Ng8 14. Qc2 Ngf6 15. Bd3 f4 16. Nb5 b6 17. Bb2 Ne8 18. Be2 h5 19. Nb3 a4 20. Nc1 g5 21. Nd3 Ndf6 22. c5 g4 23. Rfc1 Bd7 24. Nc3 Nh7 25. Qd1 Qh4 26. Bf1 Rg8 27. Rc2 Bf6 28. Ne1 Qg5 29. Bb5 Qg7 30. Bxd7 Qxd7 31. cxb6 cxb6 32. Qd3 Ng5 33. Kh1 Nc7 34. Rbc1 Ra7 35. Nxa4 Na8 36. Nc3 Nc7 37. Na4 Na8 38. Nc3 Nc7 39. Nd1 Nb5 40. Rc6 Nd4 41. Bxd4 exd4 42. Nb2 b5 43. Qxb5 gxf3 44. Nxf3 Nxf3 45. gxf3 Qh3 46. Qf1 Qh4 47. Rc8 Rxa3 48. Qg1 Bd8 49. Qxd4+ Kh7 50. e5 Qh3 51. R8c7+ Bxc7 52. Rxc7+ Rg7 53. Rxg7+ Kxg7 54. exd6+ Kg8 55. Qg1+ Kf7 56. Qc1 Rxf3 57. Qc7+ Kg6 58. Qc2+ Kf6 59. Qg2 Rf1+ 0-1

[Event "FRA-ch Accession"]
[Site "Chambery"]
[Date "1994.??.??"]
[Round "11"]
[White "Sarthou, Gaetan"]
[Black "Moret, Vincent"]
[Result "0-1"]
[WhiteElo "2250"]
[BlackElo "2120"]
[PlyCount "100"]
[EventDate "1994.??.??"]
[EventType "swiss"]
[EventRounds "11"]
[EventCountry "FRA"]
[SourceTitle "EXT 2004"]
[Source "ChessBase"]
[SourceDate "2003.11.25"]
[SourceVersion "1"]
[SourceVersionDate "2003.11.25"]
[SourceQuality "1"]

1. e4 e6 2. Qe2 c5 3. f4 Nc6 4. Nf3 b6 5. g3 Bb7 6. Bg2 Nf6 7. d3 Be7 8. 0-0 d5 9. e5 Nd7 10. c4 dxc4 11. dxc4 Qc7 12. Nc3 0-0-0 13. Rd1 Nf8 14. Be3 Ng6 15. h4 Rxd1+ 16. Rxd1 Rd8 17. Ng5 Bxg5 18. Nb5 Rxd1+ 19. Qxd1 Qd7 20. Qxd7+ Kxd7 21. hxg5 a5 22. Be4 Nd8 23. Bd3 Ne7 24. Kf2 g6 25. Nd6 Nc8 26. Nxb7 Nxb7 27. Bd2 Nd8 28. Ke3 Nc6 29. Bc3 N8e7 30. g4 Nc8 31. a3 N8e7 32. Bc2 Kc7 33. Ba4 Kb7 34. Kd3 Kc7 35. Bd1 Nc8 36. Bf3 Kd7 37. Bg2 Kc7 38. Ke3 N8e7 39. Ke4 Nc8 40. f5 N8e7 41. f6 Nc8 42. Bf3 Kd7 43. Bd1 Kc7 44. Ba4 N8a7 45. b4 axb4 46. axb4 cxb4 47. Bxb4 Nxb4 48. Be8 Na6 49. Bxf7 Nc5+ 50. Kf4 Kd7 0-1